000 00268nam a22001097a 4500
020 _a139780073210551
100 _aROBERT N. LUSSIER
245 _aHUMAN RELATIONS IN ORGANIZATIONS
250 _a7TH EDITION
260 _aNEWYORK
_bMCGRAW-HILL/IRWIN
_c2008
942 _cBK
999 _c252160
_d252159